000 00531nam a2200205Ia 4500
005 20250425161408.0
008 250425s9999 xx 000 0 und d
041 _aspa
082 _a549
100 _aKRAUS, EDWARD HENRY
245 0 _aMINERALOGIA : UNA INTRODUCCION AL ESTUDIO DE MINERALES Y CRISTALES
250 _a5A ED.
260 _aEstados Unidos
_bMCGRAW-HILL
_c1965
260 _aNEW YORK
300 _a665
700 _aHUNT, WALTER FRED
700 _aRAMSDELL, LEWIS STEPHEN
942 _c01
010 _a19312
999 _c208347
_d208347